Six-Syllable Answers - Statistics

General Stats
  • This quiz has been taken 176 times
    162 since last reset
  • The average score is 7 of 15
Answer Stats
Hint Word % Correct
"With great power comes great..." responsibility
91%
E.T. is one of these extraterrestrial
87%
This book is the life story of its author autobiography
86%
Multi-volume set of books summarizing all knowledge encyclopedia
86%
An animal doctor veterinarian
85%
Required for the first letter of a sentence...or proper noun capitalization
50%
Process in which fertile areas become more arid, perhaps sandy desertification
40%
Type of aid given to a country suffering from a disaster humanitarian
39%
Between the Tigris and the Euphrates Mesopotamia
39%
When human characteristics are given to a non-human personification
33%
The variety of life in a particular habitat biodiversity
28%
A country's policy of expanding its rule over other countries imperialism
19%
Class of psychoactive drugs that includes Valium and Xanax benzodiazepene
12%
Sleight of hand, legerdemain prestidigitation
9%
The process of making soap saponification
9%
No matching quizzes found
Score Distribution
Percent of People with Each Score
Percentile by Number Answered
Your Score History
You have not taken this quiz since the last reset